[Event "SLO-chT2 West"]
[Site "Kranj"]
[Date "2008.10.18"]
[Round "6.6"]
[White "Kamensek, Ivan"]
[Black "Bukovec, Tomaz"]
[Result "1/2-1/2"]
[WhiteElo "1777"]
[BlackElo "1500"]
[PlyCount "84"]
[EventDate "2008.10.11"]
[EventType "team-swiss"]
[EventRounds "9"]
[EventCountry "SLO"]
[SourceTitle "EXT 2010"]
[Source "ChessBase"]
[SourceDate "2010.11.25"]
[SourceVersion "1"]
[SourceVersionDate "2010.11.25"]
[SourceQuality "1"]
[WhiteTeam "Upokojenci Komandant Stane"]
[BlackTeam "Lojz Kraigher"]
[WhiteTeamCountry "SLO"]
[BlackTeamCountry "SLO"]

1. d4 Nf6 2. c4 g6 3. Nc3 Bg7 4. e4 d6 5. Bg5 Nbd7 6. Be2 0-0 7. Qd2 a6 8. g4 e5 9. d5 Qe8 10. h4 Nc5 11. f3 Rb8 12. h5 Qe7 13. Bh6 b6 14. Bxg7 Kxg7 15. hxg6 fxg6 16. Qh6+ Kf7 17. g5 Ng8 18. Qxh7+ Ke8 19. Qxg6+ Qf7 20. Qh5 Ne7 21. b4 Ng6 22. bxc5 Rh8 23. Qxh8+ Nxh8 24. Rxh8+ Ke7 25. cxd6+ cxd6 26. Nh3 Qg7 27. Rh6 Bxh3 28. Rxh3 Qxg5 29. Kf2 Rg8 30. Rah1 Qg2+ 31. Ke3 Rg6 32. Na4 b5 33. cxb5 axb5 34. Nb6 Kd8 35. Rh7 Rg7 36. Rxg7 Qxg7 37. Rb1 Qa7 38. Rxb5 Qxa2 39. Nc4 Qa7+ 40. Kd2 Qd4+ 41. Kc2 Qf2 42. Kd2 Qd4+ 1/2-1/2